000 00950nam a22002777a 4500
001 BR9402527
003 BR-BrBNA
005 20230928094013.0
007 ta
008 230509b bl.||||| |||| 00| 0 por d
040 _aBR-BrBNA
_bpor
_cBiblioteca Nacional de Agricultura
041 _a(Por)
072 _aH10
_b3930
090 _ 3930 BR9402527
100 1 _aConsoli, F.L.
110 1 _aEscola Superior de Agricultura Luiz de Queiroz, Piracicaba, SP (Brasil)
_0Tese (Mestre em Ciencias)
245 1 _aCriacao in vitro dos parasitoides de ovos Trichogramma pretiosum Riley, 1879 e T. galloi Zucchi, 1988 (Hym.: Trichogrammatidae)
260 3 _aPiracicaba, SP (Brasil):
_c1993.
300 _a112 p.
500 _a25 illus.; 16 tables; Summaries (Eng, Por); Bibliography p. 91-108 (124 ref.)
650 _aInseto para Controle Biologico
650 _aDieta
650 _aBiologia
909 _a202309
_bLucia
_c55
_dLucia Elande
942 _cBK
999 _c48370
_d48370